000 02329nam a22002537a 4500
003 Uzh_bibl
008 260323b |||||||| |||| 00| 0 ukr d
020 _a978-966-993-703-2
_c70.00
040 _bукр.
041 _2eng
_aukr
080 _a821(73)
090 _a821(73)
_bК 63
100 _aКоллінз,Сюзанна
245 _aБалада про співочих пташок
_cпер.з англ.М.Пухлій
_hТекст
260 _aКиїв
_bФорс Україна
_c2022
300 _a576 с.
_fВ опр.
520 _aДія роману відбувається за 64 роки до подій основної трилогії. Після повстання округів родина 18-річного Коріолана Сноу втратила майже все. Єдиний шанс повернути сім’ї колишню велич і заможність – отримати стипендію на навчання в Університеті, яку здобуває переможець шкільного проєкту – менторської роботи з одним із трибутів Десятих Голодних ігор. www.yakaboo.ua +1 Коріолан отримує завдання наставляти Люсі Ґрей Бейрд, харизматичну дівчину з Округу 12, яка не виглядає типовим переможцем. Поступово між ними виникає зв’язок, і Сноу намагається знайти баланс між справжніми почуттями та жагою до перемоги, усвідомлюючи, що успіх має свою ціну. Роман досліджує витоки Голодних ігор та формування майбутнього президента Панему, показуючи, як амбіції та влада впливають на характер і моральні вибори молодого Сноу.
521 _aДля широкого кола читачів
546 _aукр.
650 _aЛітературно-художне видання
653 _aВинагорода
_aПеремога
_aПочуття
655 _aФантастика
_vроман
942 _2udc
_cBK
999 _c17148
_d17148